[Event "10th EICC"]
[Site "Budva MNE"]
[Date "2009.03.08"]
[Round "3"]
[White "Nanu,C"]
[Black "Mikhalevski,V"]
[Result "1-0"]
[WhiteElo "2506"]
[BlackElo "2608"]
[EventDate "2009.03.06"]

1. d4 Nf6 2. Nf3 g6 3. Nbd2 d5 4. b4 Bg7 5. e3 O-O 6. c4 c6 7. Be2 a5 8. b5
Ne4 9. Bb2 Bf5 10. O-O cxb5 11. cxb5 Nd7 12. Rc1 Rc8 13. Qb3 Nb6 14. Ba3
Bg4 15. Bd3 Nxd2 16. Nxd2 Re8 17. h3 Bf5 18. Bxf5 gxf5 19. Rxc8 Nxc8 20.
Rc1 e6 21. Qc3 Na7 22. Qd3 b6 23. Bb2 Qd7 24. a4 Rc8 25. Nf3 Rxc1+ 26. Bxc1
Qc7 27. Ba3 Nc8 28. g4 Qc4 29. Qxc4 dxc4 30. gxf5 exf5 31. Kf1 Bf8 32. Bxf8
Kxf8 33. Ne5 c3 34. Ke2 f6 35. Nc4 Ke7 36. Kd3 Kd7 37. Kxc3 Kc7 38. d5 Nd6
39. Nxd6 Kxd6 40. Kd4 Ke7 41. h4 h5 42. f3 Kd7 43. e4 Kd6 44. f4 Ke7 45. e5
Kf7 46. d6 Ke6 47. exf6 1-0

[Event "10th EICC"]
[Site "Budva MNE"]
[Date "2009.03.08"]
[Round "3"]
[White "Spoelman,W"]
[Black "Kurnosov,I"]
[Result "1/2-1/2"]
[WhiteElo "2493"]
[BlackElo "2602"]
[EventDate "2009.03.06"]

1. e4 e5 2. Nf3 Nc6 3. Bc4 Nf6 4. d3 Bc5 5. c3 O-O 6. O-O d5 7. exd5 Nxd5
8. b4 Be7 9. b5 Na5 10. Bxd5 Qxd5 11. c4 Qd8 12. Bd2 b6 13. Nxe5 Bf6 14.
Bxa5 bxa5 15. d4 Bxe5 16. dxe5 Be6 17. Na3 Qe7 18. Qa4 Qb4 19. Qxb4 axb4
20. Nc2 Bxc4 21. Rfc1 a6 22. bxa6 Rfb8 23. Rab1 Bd3 24. Rxb4 Bxc2 25. Rxb8+
Rxb8 26. a7 Ra8 27. Rxc2 Rxa7 28. f4 Kf8 29. Kf2 Ke7 30. f5 Kd7 31. Rd2+
Ke7 32. Ke3 Ra4 33. Rc2 Kd7 34. Rd2+ Ke7 35. Rc2 Kd7 36. Kd3 g6 37. f6 Ke6
38. Rxc7 Ra3+ 39. Ke4 Ra4+ 40. Kd3 Kxe5 41. Rxf7 Rxa2 42. Rxh7 Rxg2 43. f7
Rf2 44. Ke3 Rf6 45. h4 Ke6 46. Rg7 Rxf7 47. Rxg6+ Rf6 48. Rxf6+ 1/2-1/2

[Event "10th EICC"]
[Site "Budva MNE"]
[Date "2009.03.08"]
[Round "3"]
[White "Anisimov,P2"]
[Black "Bartel,Mat"]
[Result "1/2-1/2"]
[WhiteElo "2488"]
[BlackElo "2594"]
[EventDate "2009.03.06"]

1. e4 e6 2. d4 d5 3. Nd2 Nf6 4. e5 Nfd7 5. Bd3 c5 6. c3 Nc6 7. Ne2 a5 8.
O-O a4 9. f4 a3 10. b3 cxd4 11. Nxd4 Nc5 12. Bc2 Nxd4 13. cxd4 Na6 14. Bd3
Qb6 15. Nf3 Nb4 16. Be2 Bd7 17. Bd2 Be7 18. Bxb4 Qxb4 19. Rc1 O-O 20. Qd3
Rac8 21. Qe3 Rc6 22. Rxc6 bxc6 23. Rc1 c5 24. Qc3 cxd4 25. Qxd4 Qa5 26. Kf1
h6 27. Qc3 Bb4 28. Qd3 Qb6 29. Rc2 Bc5 30. g3 Ra8 31. Qc3 Rc8 32. Qd3 Ra8
33. Qc3 Rc8 34. Qd3 Qb8 35. Qd2 Ba7 36. Bd3 Rxc2 37. Qxc2 Qb6 38. Kg2 Kf8
39. Qd2 Ke8 40. Qc2 Kd8 41. Qd2 Bc6 42. Qe1 Kc7 43. Qd2 Qc5 44. Kf1 f5 45.
Ke1 Kd7 46. Kd1 Bb6 47. Qc2 Qe7 48. Qc3 g5 49. Nd4 Qc5 50. Qxc5 Bxc5 51.
Nxc6 Kxc6 52. Ke2 Kb6 53. g4 fxg4 54. f5 exf5 55. Bxf5 h5 56. Bg6 h4 57.
Bf5 g3 58. hxg3 hxg3 59. Kf3 Be7 60. Bh3 Kc5 61. Ke3 g4 62. Bg2 Bd8 63. Kd3
Ba5 64. b4+ Bxb4 65. e6 Kc6 66. Kd4 Bc5+ 67. Ke5 Bd6+ 68. Kd4 Bc5+ 69. Ke5
Bd6+ 1/2-1/2

[Event "10th EICC"]
[Site "Budva MNE"]
[Date "2009.03.08"]
[Round "3"]
[White "Kozul,Z"]
[Black "Ragger,M"]
[Result "1-0"]
[WhiteElo "2594"]
[BlackElo "2540"]
[EventDate "2009.03.06"]

1. Nf3 Nf6 2. g3 d5 3. Bg2 c6 4. O-O Bg4 5. d3 Nbd7 6. Nbd2 e5 7. e4 dxe4
8. dxe4 Bc5 9. h3 Bh5 10. Qe1 O-O 11. Nb3 Bb6 12. a4 a5 13. Nfd2 Nc5 14.
Nxc5 Bxc5 15. Nc4 Qc7 16. Bd2 b6 17. Kh1 Rfe8 18. f3 Nd7 19. b4 axb4 20.
Bxb4 b5 21. Bxc5 Nxc5 22. axb5 cxb5 23. Ne3 Ne6 24. Qb4 Nd4 25. g4 Bg6 26.
c3 Ne6 27. Nd5 Qc5 28. Qxc5 Nxc5 29. Rxa8 Rxa8 30. Rb1 h5 31. Bf1 Ne6 32.
Rb2 Ra1 33. Kg2 Kh7 34. Bxb5 Kh6 35. Bd7 Nc5 36. Bf5 Bxf5 37. gxf5 Kg5 38.
Kg3 Rc1 39. h4+ Kh6 40. Rb8 Kh7 41. Rf8 Nd3 42. Rxf7 Kh6 43. Rd7 Rg1+ 44.
Kh2 Re1 45. Rd6+ Kh7 46. Rg6 Rf1 47. Rg5 Rxf3 48. Rxh5+ Kg8 49. Rg5 Kf7 50.
Rg3 Rf2+ 51. Rg2 Rf3 52. h5 Nc5 53. f6 1-0

[Event "10th EICC"]
[Site "Budva MNE"]
[Date "2009.03.08"]
[Round "3"]
[White "Damljanovic,B"]
[Black "Drazic,S"]
[Result "1/2-1/2"]
[WhiteElo "2587"]
[BlackElo "2513"]
[EventDate "2009.03.06"]

1. c4 Nf6 2. Nf3 c6 3. d4 d5 4. e3 Bg4 5. h3 Bxf3 6. Qxf3 e6 7. Nc3 Nbd7 8.
Bd2 Bb4 9. Bd3 O-O 10. O-O Re8 11. Qd1 a5 12. a3 Bf8 13. Qc2 h6 14. Rad1
Qb8 15. Rfe1 Qa7 16. Re2 Rac8 17. Be1 dxc4 18. Bxc4 b5 19. Bb3 Qb7 20. e4
c5 21. e5 cxd4 22. Rxd4 b4 23. exf6 Nxf6 24. Ba4 Re7 25. Qd3 bxc3 26. Bxc3
Qa8 27. Bc2 Rec7 28. Ra4 Qd5 29. Rxa5 Qxd3 30. Bxd3 Rxc3 31. bxc3 Rxc3 32.
Re3 Rxa3 33. Bh7+ Kxh7 34. Rexa3 Bxa3 35. Rxa3 g5 36. Kf1 Kg6 37. Ke2 Nd5
38. g3 Kf5 39. Ra8 Kf6 40. Rh8 Kg7 41. Rb8 Kf6 42. Kd3 Ne7 43. Ke4 Nf5 44.
Rd8 Ne7 45. Rd3 Ng6 46. Rf3+ Ke7 47. Kd4 h5 48. Ke4 g4 49. hxg4 hxg4 50.
Ra3 f5+ 51. Kd4 Kf6 52. Ra8 Ke7 53. Ra1 Kf6 54. Rh1 Ne5 55. Rh6+ Ng6 56.
Kc5 Kg7 57. Rh1 Kf6 58. Kd6 Ne5 59. Rh6+ Ng6 60. Kd7 Kg7 61. Rh1 Kf6 62.
Ke8 Ne5 63. Rd1 Nf3 64. Kd7 Ne5+ 65. Kd6 Nf7+ 66. Kc5 Ne5 67. Rd8 Ke7 68.
Rd1 Kf6 69. Kd4 Nf3+ 70. Ke3 Ne5 71. Rh1 Nc4+ 72. Kd4 Ne5 73. Rb1 Nf3+ 74.
Ke3 Ne5 75. Rb5 Nc4+ 76. Kd4 Nd6 77. Rb2 Ne4 78. Re2 Nd6 79. Re1 Nb5+ 80.
Ke3 Nd6 81. Rc1 Ne4 82. Rc6 Ke5 83. Rc4 Ng5 84. Ra4 Kf6 85. Ra5 1/2-1/2

[Event "10th EICC"]
[Site "Budva MNE"]
[Date "2009.03.08"]
[Round "3"]
[White "Hillarp Persson,T"]
[Black "Szabo,Krisz1"]
[Result "1-0"]
[WhiteElo "2586"]
[BlackElo "2508"]
[EventDate "2009.03.06"]

1. d4 Nf6 2. c4 e6 3. g3 d5 4. Nf3 Be7 5. Bg2 O-O 6. O-O dxc4 7. Qc2 a6 8.
Qxc4 b5 9. Qc2 Bb7 10. Bd2 Bd6 11. Ng5 Bxg2 12. Kxg2 h6 13. Nf3 Nbd7 14. e4
e5 15. Nc3 c5 16. d5 c4 17. Nh4 Nc5 18. f3 Re8 19. Nf5 Bf8 20. Nd1 Rc8 21.
Nf2 Kh7 22. Rfc1 Qd7 23. g4 Na4 24. Be3 Bc5 25. Bxc5 Nxc5 26. h4 Ng8 27. b3
g6 28. Ng3 cxb3 29. axb3 Ne7 30. h5 Qd6 31. Qb2 b4 32. Rc4 Nd7 33. Qe2 Rxc4
34. Qxc4 Ra8 35. Nd3 a5 36. Qb5 Qc7 37. Rc1 Qd6 38. Qb7 Rd8 39. Qa7 Nxd5
40. exd5 Qxd5 41. Nf2 Ra8 42. Qc7 Nf6 43. hxg6+ Kxg6 44. Qc2+ 1-0

[Event "10th EICC"]
[Site "Budva MNE"]
[Date "2009.03.08"]
[Round "3"]
[White "Vallejo Pons,F"]
[Black "Jankovic,A"]
[Result "1-0"]
[WhiteElo "2702"]
[BlackElo "2571"]
[EventDate "2009.03.06"]

1. e4 c5 2. Nf3 d6 3. d4 cxd4 4. Nxd4 Nf6 5. Nc3 Nc6 6. Bg5 e6 7. Qd2 a6 8.
O-O-O Bd7 9. f3 h6 10. Be3 b5 11. Kb1 Ne5 12. f4 b4 13. fxe5 bxc3 14. Qxc3
Nxe4 15. Qe1 Qc7 16. Bd3 Nc5 17. exd6 Bxd6 18. Nf5 Be5 19. Qb4 exf5 20.
Qxc5 Be6 21. Rhe1 g6 22. g3 h5 23. Bd4 Qxc5 24. Bxc5 Bc7 25. Bc4 Rd8 26.
Bxa6 Rxd1+ 27. Rxd1 f6 28. Bb5+ Kf7 29. Bc4 Bxc4 30. Rd7+ Ke6 31. Rxc7 h4
32. b3 Bf1 33. c4 f4 34. gxf4 Kf5 35. Bd6 h3 36. a4 Rh4 37. a5 Rg4 38. a6
Bd3+ 39. Kc1 Rg1+ 40. Kd2 Be4 41. a7 Ra1 42. Ke3 Bh1 43. c5 Ke6 44. Kd4 f5
45. Re7+ Kf6 46. Rh7 Ra2 47. Rxh3 Rxa7 48. Be5+ Ke6 49. Rh6 Rd7+ 50. Bd6
Kf6 51. b4 1-0

[Event "10th EICC"]
[Site "Budva MNE"]
[Date "2009.03.08"]
[Round "3"]
[White "Naiditsch,A"]
[Black "Chadaev,N"]
[Result "1-0"]
[WhiteElo "2693"]
[BlackElo "2568"]
[EventDate "2009.03.06"]

1. e4 c6 2. d4 d5 3. exd5 cxd5 4. c4 Nf6 5. Nc3 e6 6. Nf3 Bb4 7. cxd5 Nxd5
8. Qc2 Nc6 9. a3 Be7 10. Bd3 h6 11. O-O O-O 12. Bh7+ Kh8 13. Be4 Bf6 14.
Rd1 Nce7 15. Ne5 Bxe5 16. dxe5 Qc7 17. Re1 b6 18. f4 Bb7 19. Nb5 Qxc2 20.
Bxc2 Rac8 21. Be4 Ba6 22. Nd6 Rcd8 23. Bd2 Nc8 24. Bxd5 exd5 25. Bb4 Nxd6
26. exd6 Rd7 27. Re7 Rfd8 28. a4 Kg8 29. b3 Bd3 30. Rc1 Bf5 31. Re5 Be4 32.
Kf2 f6 33. Re7 Rxe7 34. dxe7 Ra8 35. g4 Kf7 36. Ke3 h5 37. g5 Bf5 38. Rc7
a5 39. e8=Q+ Kxe8 40. Re7+ Kd8 41. Rxg7 Be6 42. Be7+ Kd7 43. Bxf6+ Kc6 44.
Kd4 Rg8 45. Rxg8 Bxg8 46. f5 Bf7 47. g6 Be8 48. Bd8 1-0

[Event "10th EICC"]
[Site "Budva MNE"]
[Date "2009.03.08"]
[Round "3"]
[White "Vitiugov,N"]
[Black "Andriasian,Z"]
[Result "1/2-1/2"]
[WhiteElo "2687"]
[BlackElo "2564"]
[EventDate "2009.03.06"]

1. c4 e5 2. Nc3 Nf6 3. Nf3 Nc6 4. g3 d5 5. cxd5 Nxd5 6. Bg2 Nb6 7. O-O Be7
8. a3 O-O 9. b4 Be6 10. Rb1 f6 11. d3 Nd4 12. Nd2 c6 13. Bb2 a5 14. Ba1
axb4 15. axb4 Qd7 16. Nde4 Nd5 17. Nxd5 cxd5 18. Bxd4 dxe4 19. Bc5 exd3 20.
Qxd3 Qxd3 21. exd3 Bxc5 22. bxc5 Ra5 23. Rb6 Bf5 24. Bd5+ Kh8 25. Rc1 Rc8
26. Rxb7 Raxc5 27. Rxc5 Rxc5 28. Rb8+ 1/2-1/2

[Event "10th EICC"]
[Site "Budva MNE"]
[Date "2009.03.08"]
[Round "3"]
[White "Pikula,D"]
[Black "Tiviakov,S"]
[Result "1/2-1/2"]
[WhiteElo "2570"]
[BlackElo "2684"]
[EventDate "2009.03.06"]

1. e4 d5 2. exd5 Qxd5 3. Nc3 Qd6 4. d4 Nf6 5. Nf3 c6 6. Ne5 Nbd7 7. Bf4 Nd5
8. Nxd5 Qxd5 9. Nf3 Nb6 10. Be2 Bf5 11. c3 e6 12. O-O Be7 13. Ne5 O-O 14.
Re1 Qd8 15. Qb3 Qd5 1/2-1/2

[Event "10th EICC"]
[Site "Budva MNE"]
[Date "2009.03.08"]
[Round "3"]
[White "Perunovic,Mil"]
[Black "Fressinet,L"]
[Result "1/2-1/2"]
[WhiteElo "2568"]
[BlackElo "2666"]
[EventDate "2009.03.06"]

1. e4 e5 2. Nf3 Nc6 3. Bb5 Nf6 4. d3 Bc5 5. Bxc6 dxc6 6. Be3 Bd6 7. h3 c5
8. Nbd2 Nd7 9. Nc4 O-O 10. a3 b6 11. b4 cxb4 12. Nxd6 cxd6 13. axb4 Bb7 14.
O-O d5 15. exd5 Bxd5 16. c4 Bb7 17. d4 exd4 18. Bxd4 Qc7 19. Bb2 Rfd8 20.
Re1 Qxc4 21. Qd4 Qxd4 22. Nxd4 g6 23. Nb5 Nf8 24. Re7 Rd7 25. Rxd7 Nxd7 26.
Rc1 a6 27. Rc7 axb5 28. Rxb7 Rd8 29. Bd4 1/2-1/2

[Event "10th EICC"]
[Site "Budva MNE"]
[Date "2009.03.08"]
[Round "3"]
[White "Popov,Val"]
[Black "Guseinov,G"]
[Result "1/2-1/2"]
[WhiteElo "2561"]
[BlackElo "2661"]
[EventDate "2009.03.06"]

1. d4 Nf6 2. c4 g6 3. Nc3 Bg7 4. e4 d6 5. Nf3 O-O 6. Be2 Bg4 7. Be3 Nfd7 8.
h4 Bxf3 9. Bxf3 Nc6 10. Ne2 e5 11. d5 Ne7 12. h5 f5 13. Nc3 Nf6 14. Bg5 h6
15. Bd2 g5 16. g4 Nxg4 17. Bxg4 fxg4 18. Qxg4 Kh8 19. Be3 Ng8 20. O-O-O Nf6
21. Qe6 Nd7 22. Kc2 a6 23. a4 Rf6 24. Qg4 Qe7 25. Qe2 Raf8 26. Rh3 1/2-1/2

[Event "10th EICC"]
[Site "Budva MNE"]
[Date "2009.03.08"]
[Round "3"]
[White "Postny,E"]
[Black "Jovanovic,Zo CRO"]
[Result "1/2-1/2"]
[WhiteElo "2652"]
[BlackElo "2558"]
[EventDate "2009.03.06"]

1. d4 Nf6 2. c4 d6 3. Nc3 e5 4. d5 Nbd7 5. g3 g6 6. Bg2 Bg7 7. e4 O-O 8.
Nge2 a5 9. O-O Nc5 10. b3 Nh5 11. Be3 f5 12. f3 f4 13. Bf2 fxg3 14. hxg3
Nf6 15. a3 h5 16. Qc2 Nh7 17. Kh2 Bh6 18. Ng1 h4 19. g4 Bf4+ 20. Kh1 Bg3
21. Be3 Bf4 22. Bf2 Bg3 23. Be3 Bf4 1/2-1/2

[Event "10th EICC"]
[Site "Budva MNE"]
[Date "2009.03.08"]
[Round "3"]
[White "Bocharov,D"]
[Black "Cvitan,O"]
[Result "1-0"]
[WhiteElo "2647"]
[BlackElo "2542"]
[EventDate "2009.03.06"]

1. d4 Nf6 2. c4 g6 3. g3 Bg7 4. Bg2 O-O 5. Nc3 c5 6. d5 d6 7. e4 e6 8. Nge2
exd5 9. exd5 Ng4 10. O-O Ne5 11. b3 b5 12. Nxb5 Nxc4 13. bxc4 Bxa1 14. Bf4
Be5 15. Bxe5 dxe5 16. d6 a6 17. Bxa8 axb5 18. cxb5 Qa5 19. Bg2 Qxb5 20. Nc3
Qa5 21. Nd5 Be6 22. Ne7+ Kg7 23. Bd5 c4 24. Qe2 Qc3 25. Bxe6 fxe6 26. Rb1
Qd3 27. Qxe5+ Kh6 28. Re1 c3 29. Re4 Qd1+ 30. Kg2 Qf3+ 31. Kh3 g5 32. Rg4
1-0

[Event "10th EICC"]
[Site "Budva MNE"]
[Date "2009.03.08"]
[Round "3"]
[White "Kunin,V"]
[Black "Khenkin,I"]
[Result "1-0"]
[WhiteElo "2546"]
[BlackElo "2644"]
[EventDate "2009.03.06"]

1. d4 Nf6 2. c4 e6 3. Nf3 d5 4. Nc3 dxc4 5. e4 Bb4 6. Bg5 c5 7. e5 cxd4 8.
Qa4+ Nc6 9. O-O-O Bd7 10. Ne4 Be7 11. exf6 gxf6 12. Bh4 Rc8 13. Kb1 a6 14.
Qxc4 e5 15. Nxe5 Nxe5 16. Qxd4 Bf5 17. Qa4+ Bd7 18. Qb3 Qc7 19. Bd3 Be6 20.
Qa4+ b5 21. Qd4 Rd8 22. Qe3 f5 23. Nf6+ Bxf6 24. Bxf6 Rxd3 25. Bxe5 Bxa2+
26. Ka1 Rxd1+ 27. Rxd1 1-0

[Event "10th EICC"]
[Site "Budva MNE"]
[Date "2009.03.08"]
[Round "3"]
[White "Maslak,K"]
[Black "Mamedov,Rau"]
[Result "1/2-1/2"]
[WhiteElo "2541"]
[BlackElo "2638"]
[EventDate "2009.03.06"]

1. e4 g6 2. d4 Bg7 3. c3 d6 4. Nf3 Nf6 5. Bd3 O-O 6. O-O Nbd7 7. Bg5 h6 8.
Bh4 e5 9. Nbd2 Qe8 10. Re1 Nh5 11. Nc4 Nb6 12. dxe5 dxe5 13. Nxb6 axb6 14.
Bc4 b5 15. Bb3 Bg4 16. h3 Bd7 17. Nh2 Ra6 18. Qd5 Qc8 19. Rad1 Rd6 20. Qc5
b6 21. Qe3 Rxd1 22. Rxd1 Be6 23. Bxe6 Qxe6 24. b3 Nf4 25. Bg3 Qc6 26. Bxf4
exf4 27. Qxf4 Qxc3 28. Nf3 Qc2 29. Rc1 Qxa2 30. Qxc7 Qxb3 31. e5 Qb2 32.
Re1 b4 33. Qxb6 b3 34. Kh2 Qc2 35. Re3 Qxf2 36. Qxb3 Re8 1/2-1/2

[Event "10th EICC"]
[Site "Budva MNE"]
[Date "2009.03.08"]
[Round "3"]
[White "Riazantsev,A"]
[Black "Novikov,St1"]
[Result "1/2-1/2"]
[WhiteElo "2634"]
[BlackElo "2523"]
[EventDate "2009.03.06"]

1. d4 d6 2. Nf3 g6 3. c4 Bg7 4. Nc3 Bg4 5. e3 Nf6 6. Be2 O-O 7. h3 Bxf3 8.
Bxf3 Nc6 9. Bxc6 bxc6 10. Qf3 d5 11. O-O Rb8 12. Rd1 Qd6 13. cxd5 cxd5 14.
b3 Rfc8 15. Bb2 e6 16. Rac1 Qa6 17. Qe2 Qxe2 18. Nxe2 Nd7 19. Rc6 a5 20.
Ba3 a4 21. bxa4 Ra8 22. Bb4 Rxa4 23. a3 Nb8 24. Rc2 Na6 25. Rb1 1/2-1/2

[Event "10th EICC"]
[Site "Budva MNE"]
[Date "2009.03.08"]
[Round "3"]
[White "Belov,Vl"]
[Black "Saric,A"]
[Result "1/2-1/2"]
[WhiteElo "2627"]
[BlackElo "2514"]
[EventDate "2009.03.06"]

1. e4 e5 2. Nf3 Nf6 3. d4 Nxe4 4. dxe5 Bc5 5. Bc4 Nxf2 6. Bxf7+ Kxf7 7.
Qd5+ Ke8 8. Bg5 Be7 9. Bxe7 Qxe7 10. Kxf2 Na6 11. Nc3 Qc5+ 12. Kg3 Qxd5 13.
Nxd5 b5 14. a4 b4 15. Rad1 c6 16. Nf4 Nc5 17. Nd3 Nxd3 18. Rxd3 Ba6 19. Rd4
c5 20. Rd5 Bb7 21. Rxc5 Ke7 22. Nd4 Rhc8 23. Rb5 Be4 24. Rxb4 a5 25. Rb6
Bxc2 26. e6 Bxa4 27. Nf5+ Kd8 28. Rb7 Rc5 29. Rf1 1/2-1/2

[Event "10th EICC"]
[Site "Budva MNE"]
[Date "2009.03.08"]
[Round "3"]
[White "Khalifman,A"]
[Black "Szabo,G ROM"]
[Result "1/2-1/2"]
[WhiteElo "2622"]
[BlackElo "2506"]
[EventDate "2009.03.06"]

1. d4 d5 2. Nf3 Nf6 3. c4 dxc4 4. Nc3 e6 5. e4 Bb4 6. Bg5 c5 7. e5 cxd4 8.
Nxd4 Qa5 9. exf6 Bxc3+ 10. bxc3 Qxg5 11. fxg7 Qxg7 12. Qd2 Nd7 13. Bxc4 Nb6
14. Bb5+ Bd7 15. Bxd7+ Nxd7 16. O-O Nb6 17. Nf5 Qe5 18. Ne3 Rd8 19. Qc2 Rc8
20. Rae1 Qxc3 21. Qe4 Rc6 22. Re2 Qg7 23. Qb4 Qg5 24. Rd1 f5 25. h4 Qe7 26.
Qxe7+ Kxe7 27. Nxf5+ Kf6 28. Nd6 Nd5 29. Ne4+ 1/2-1/2

[Event "10th EICC"]
[Site "Budva MNE"]
[Date "2009.03.08"]
[Round "3"]
[White "Godena,M"]
[Black "Pashikian,A"]
[Result "1/2-1/2"]
[WhiteElo "2537"]
[BlackElo "2621"]
[EventDate "2009.03.06"]

1. e4 e5 2. Nf3 Nc6 3. Bb5 a6 4. Ba4 Nf6 5. O-O Be7 6. Bxc6 dxc6 7. d3 Nd7
8. b3 O-O 9. Bb2 Bd6 10. Nbd2 Re8 11. Nc4 c5 12. a4 b6 13. Qd2 f6 14. Nh4
Nf8 15. f4 exf4 16. Nxd6 Qxd6 17. Rxf4 Ne6 18. Rf2 Nd4 19. Raf1 b5 20. Nf3
bxa4 21. bxa4 Bd7 22. Qc3 Rab8 23. Nxd4 Qxd4 24. Qxd4 cxd4 25. Bxd4 Bxa4
26. Ra1 Bd7 27. Rxa6 Rxe4 28. dxe4 Rb1+ 29. Rf1 Rxf1+ 30. Kxf1 1/2-1/2

[Event "10th EICC"]
[Site "Budva MNE"]
[Date "2009.03.08"]
[Round "3"]
[White "Wells,P"]
[Black "Potkin,V"]
[Result "1/2-1/2"]
[WhiteElo "2513"]
[BlackElo "2613"]
[EventDate "2009.03.06"]

1. d4 d5 2. c4 c6 3. Nf3 Nf6 4. Nc3 e6 5. Bg5 h6 6. Bxf6 Qxf6 7. g3 Nd7 8.
Bg2 dxc4 9. O-O Be7 10. a4 O-O 11. a5 e5 12. e3 exd4 13. exd4 Rd8 14. Qe2
Nf8 15. a6 Bg4 16. axb7 Rab8 17. Ne4 Qf5 18. Rxa7 Ne6 19. Ned2 Qb5 20. Qxc4
Qxc4 21. Nxc4 Bxf3 22. Bxf3 Nxd4 23. Bg2 Bc5 24. Ra5 Bf8 25. Ra7 Bc5 26.
Ra5 Bf8 1/2-1/2

[Event "10th EICC"]
[Site "Budva MNE"]
[Date "2009.03.08"]
[Round "3"]
[White "Papaioannou,I"]
[Black "Lajthajm,B"]
[Result "1-0"]
[WhiteElo "2609"]
[BlackElo "2502"]
[EventDate "2009.03.06"]

1. d4 d5 2. Nf3 c6 3. c4 e6 4. g3 Nd7 5. Bg2 Ngf6 6. O-O Bd6 7. Nc3 O-O 8.
Nd2 Re8 9. e4 dxe4 10. Ndxe4 Bc7 11. Re1 h6 12. f4 Nxe4 13. Nxe4 Rb8 14.
Be3 a5 15. Qc2 b6 16. Rad1 Bb7 17. Bf3 Nf6 18. Nxf6+ Qxf6 19. Qg2 Rec8 20.
b3 Ba8 21. Be4 Bd6 22. c5 Bc7 23. Rf1 bxc5 24. dxc5 Qe7 25. g4 Rd8 26. g5
f5 27. gxf6 Qxf6 28. Qg6 Qxg6+ 29. Bxg6 Rxd1 30. Rxd1 Rd8 31. Rxd8+ Bxd8
32. Bd4 Bb7 33. Kf2 Bc8 34. Ke3 Bf6 35. Be5 Bxe5 36. fxe5 Kf8 37. Kf4 Bd7
38. Kg4 Ke7 39. Kf4 Be8 40. Be4 Kd7 41. Ke3 g5 42. Kf2 Bh5 43. Kg3 Be2 44.
h4 gxh4+ 45. Kxh4 Bd1 46. Bg2 Be2 47. Bh3 h5 48. Kg5 Bd1 49. Bf1 Bg4 50.
Bd3 Bf3 51. Bg6 Ke7 52. Bxh5 Be4 53. Bg6 Bd5 54. Kf4 Kd7 55. Ke3 Kc7 56.
Bd3 a4 57. bxa4 Bxa2 58. Kf4 Bb3 59. a5 Kb7 60. Kg5 Ba4 61. Bc4 Bb5 62.
Bxe6 Ka6 63. Ba2 Bf1 64. e6 Bh3 65. e7 Bd7 66. Kf6 1-0

[Event "10th EICC"]
[Site "Budva MNE"]
[Date "2009.03.08"]
[Round "3"]
[White "Djukic,Ni"]
[Black "Macieja,B"]
[Result "1-0"]
[WhiteElo "2500"]
[BlackElo "2607"]
[EventDate "2009.03.06"]

1. e4 c5 2. Nf3 Nc6 3. d4 cxd4 4. Nxd4 Qc7 5. Nc3 e6 6. Be2 a6 7. O-O Nf6
8. Kh1 Nxd4 9. Qxd4 Bc5 10. Qd3 b5 11. Bg5 Bb7 12. a3 h5 13. f4 Ng4 14. Bh4
f6 15. e5 f5 16. Bf3 Ne3 17. Bxb7 Qxb7 18. Rf3 Nc4 19. b3 Nb6 20. a4 b4 21.
a5 bxc3 22. axb6 Qxb6 23. Rg3 Rh7 24. Rd1 Qb7 25. Qe2 Bb4 26. Rgd3 g6 27.
Qf2 Ra7 28. Qg3 Rg7 29. Qg5 Be7 30. Qh6 Bf8 31. Bf6 Rf7 32. Qxg6 Qc6 33.
Qxh5 a5 34. Rg3 d5 35. exd6 1-0

[Event "10th EICC"]
[Site "Budva MNE"]
[Date "2009.03.08"]
[Round "3"]
[White "Stanojoski,Z"]
[Black "Parligras,M"]
[Result "0-1"]
[WhiteElo "2493"]
[BlackElo "2605"]
[EventDate "2009.03.06"]

1. e4 c5 2. Nf3 d6 3. d4 cxd4 4. Nxd4 Nf6 5. Nc3 g6 6. Be3 Bg7 7. f3 Nc6 8.
Qd2 O-O 9. Bc4 Bd7 10. h4 h5 11. O-O-O Rc8 12. Bb3 Ne5 13. Kb1 Re8 14. g4
hxg4 15. h5 Nxh5 16. Bh6 e6 17. Rdg1 Qf6 18. Bxg7 Kxg7 19. fxg4 Qf4 20. Qd1
Ng3 21. Nde2 Nxe2 22. Nxe2 Qxe4 23. Ng3 Qe3 24. Qxd6 Bc6 25. Nh5+ gxh5 26.
gxh5+ Kh7 27. Re1 Bxh1 28. Rxe3 Red8 0-1

[Event "10th EICC"]
[Site "Budva MNE"]
[Date "2009.03.08"]
[Round "3"]
[White "Azarov,S"]
[Black "Simacek,P"]
[Result "1-0"]
[WhiteElo "2600"]
[BlackElo "2493"]
[EventDate "2009.03.06"]

1. e4 e5 2. Nf3 Nc6 3. Bb5 a6 4. Ba4 Nf6 5. O-O Nxe4 6. d4 b5 7. Bb3 d5 8.
dxe5 Be6 9. Nbd2 Nc5 10. c3 d4 11. Bxe6 Nxe6 12. cxd4 Ncxd4 13. Ne4 Be7 14.
Be3 Nf5 15. Qc2 O-O 16. Neg5 Bxg5 17. Nxg5 Nxg5 18. Qxf5 Ne6 19. f4 g6 20.
Qe4 f5 21. exf6 Qxf6 22. Qc6 Rae8 23. Rf2 Ng7 24. Qxf6 Rxf6 25. Bd4 Rc6 26.
Be5 Rd8 27. Re1 Kf7 28. g4 Ne6 29. Kg2 Rd3 30. Ree2 Rc1 31. f5 Nd4 32. Re4
Nc2 33. fxg6+ Kxg6 34. Rf6+ Kg5 35. h4+ Kxh4 36. Rh6+ 1-0

[Event "10th EICC"]
[Site "Budva MNE"]
[Date "2009.03.08"]
[Round "3"]
[White "Sedlak,N"]
[Black "Mastrovasilis,A"]
[Result "0-1"]
[WhiteElo "2592"]
[BlackElo "2486"]
[EventDate "2009.03.06"]

1. e4 e5 2. Nf3 Nc6 3. Bb5 Nf6 4. d3 d6 5. c4 Bg4 6. h3 Bxf3 7. Qxf3 Be7 8.
Nc3 O-O 9. Bxc6 bxc6 10. Be3 Nd7 11. h4 Re8 12. O-O-O Nf8 13. g3 Ne6 14.
Qg2 Rb8 15. f4 Qc8 16. f5 Nd4 17. g4 d5 18. exd5 Qa6 19. Kb1 Rxb2+ 20. Qxb2
Ba3 21. Qd2 Rb8+ 22. Ka1 Bc1 23. Qxc1 Nb3+ 24. Kb2 Nxc1+ 25. Kc2 Nxa2 26.
Ra1 Nb4+ 27. Kd2 Qc8 28. Bxa7 Rb7 29. Rhb1 cxd5 30. cxd5 h5 31. Ra4 Na6 32.
Nb5 Qd7 0-1

[Event "10th EICC"]
[Site "Budva MNE"]
[Date "2009.03.08"]
[Round "3"]
[White "Lintchevski,D"]
[Black "Zhigalko,S"]
[Result "0-1"]
[WhiteElo "2481"]
[BlackElo "2587"]
[EventDate "2009.03.06"]

1. e4 Nf6 2. e5 Nd5 3. d4 Nb6 4. Nf3 d5 5. exd6 exd6 6. h3 Bf5 7. Bd3 Bg6
8. O-O Be7 9. c4 O-O 10. Bxg6 hxg6 11. b3 Nc6 12. Nc3 Bf6 13. Bf4 Re8 14.
Qd2 Qd7 15. Rfe1 Rad8 16. g4 a6 17. Bg3 Rxe1+ 18. Rxe1 Re8 19. Ne4 Bd8 20.
d5 Nb8 21. Kg2 Re7 22. Bh4 Re8 23. Bg3 Re7 24. Bh4 Re8 25. Qe3 Kf8 26. Bxd8
Qxd8 27. Nfg5 Re5 28. f4 Re7 29. Nh7+ Ke8 30. f5 Re5 31. f6 gxf6 32. Nexf6+
Ke7 33. Qg3 N8d7 34. c5 Nc8 35. c6 bxc6 36. dxc6 Nc5 37. Rxe5+ dxe5 38.
Qxe5+ Ne6 39. Nd5+ Qxd5+ 0-1

[Event "10th EICC"]
[Site "Budva MNE"]
[Date "2009.03.08"]
[Round "3"]
[White "Iordachescu,V"]
[Black "Gallagher,Jo"]
[Result "1/2-1/2"]
[WhiteElo "2584"]
[BlackElo "2480"]
[EventDate "2009.03.06"]

1. e4 c5 2. Nf3 d6 3. d4 cxd4 4. Nxd4 Nf6 5. Nc3 a6 6. Bg5 e6 7. f4 Qb6 8.
Qd2 Nc6 9. Bxf6 gxf6 10. Nb3 Qc7 11. Be2 b5 12. Bh5 Bb7 13. O-O Rg8 14. Rf3
O-O-O 15. Nd5 exd5 16. exd5 Qb6+ 17. Kh1 Ne5 18. fxe5 dxe5 19. Bxf7 Rg7 20.
Be6+ Kb8 21. Rxf6 Bxd5 22. Rxf8 Bxg2+ 23. Qxg2 Rxg2 24. Rxd8+ Qxd8 25. Kxg2
Qf6 26. Nc5 Qg6+ 27. Kh1 Qxc2 28. b4 a5 29. a3 e4 30. Bg4 e3 31. Rd1 axb4
32. axb4 Qf2 33. Nd3 Qf6 34. Rc1 Qd4 35. Be2 Qd8 36. Kg1 Qg5+ 37. Kf1 Qh4
38. Rc5 Qe4 39. Rxb5+ Ka7 40. Ra5+ Kb8 41. Rb5+ Ka7 42. Ra5+ Kb8 43. Rb5+
1/2-1/2

[Event "10th EICC"]
[Site "Budva MNE"]
[Date "2009.03.08"]
[Round "3"]
[White "Erdogdu,M"]
[Black "Erdos,V"]
[Result "0-1"]
[WhiteElo "2460"]
[BlackElo "2582"]
[EventDate "2009.03.06"]

1. e4 e5 2. Nf3 Nc6 3. Bc4 Bc5 4. c3 Nf6 5. d3 d6 6. O-O Bb6 7. Bb3 O-O 8.
Nbd2 h6 9. h3 Ne7 10. Nh4 Be6 11. Nc4 g5 12. Nf3 Ng6 13. d4 Re8 14. Qd3 Nh5
15. Ne3 Nhf4 16. Qc2 Qf6 17. Nf5 Bxf5 18. exf5 Ne7 19. dxe5 dxe5 20. Re1
Nxf5 21. Bxf4 exf4 22. Rad1 Kg7 23. a3 Rad8 24. Ba2 Rxd1 25. Rxd1 Nd6 26.
Bb1 Kf8 27. Nh2 h5 28. Qh7 Re2 29. Qxh5 Rxf2 30. Kh1 Rxb2 31. Nf3 Rb5 32.
c4 Rc5 33. Rd5 Rxd5 34. cxd5 Qb2 35. Bh7 Bf2 36. h4 Bxh4 37. Kh2 Qh8 38.
Kh3 Kg7 39. g3 Qxh7 40. Qxh7+ Kxh7 41. gxh4 gxh4 0-1